Commercial property demand up in second half of 2003 (Record no. 116918)

MARC details
000 -LEADER
fixed length control field 01148cam a2200205 4500
001 - CONTROL NUMBER
control field WB4001-04
008 - FIXED-LENGTH DATA ELEMENTS--GENERAL INFORMATION
fixed length control field 040105n2003 000 0 eng u
035 ## - SYSTEM CONTROL NUMBER
System control number (Sirsi) u124707
245 ## - TITLE STATEMENT
Title Commercial property demand up in second half of 2003
260 ## - PUBLICATION, DISTRIBUTION, ETC.
Date of publication, distribution, etc. 2003
490 ## - SERIES STATEMENT
Series statement GVA Grimley Research
Volume/sequential designation 10 December 2003 (7)
520 ## - SUMMARY, ETC.
Summary, etc. The six-monthly "CBI/GVA Grimley survey of property trends" undertaken in November shows a marked increase in demand for commercial property over the last six months with a balance of 19% of companies surveyed reporting an increase in their property holdings, the highest balance since November 2001. This positive trend is set to continue over the next six months with a balance of 17% respondents expecting to increase their holdings and this increase will be in all UK regions and across all the main commercial property sectors. The survey is available at http://www.gvagrimley.co.uk/x565.xml.
590 ## - LOCAL NOTE (RLIN)
Local note WB
590 ## - LOCAL NOTE (RLIN)
Local note WB
650 ## - SUBJECT ADDED ENTRY--TOPICAL TERM
Topical term or geographic name entry element PROPERTY HOLDINGS
650 ## - SUBJECT ADDED ENTRY--TOPICAL TERM
Topical term or geographic name entry element COMPANIES
650 ## - SUBJECT ADDED ENTRY--TOPICAL TERM
Topical term or geographic name entry element CBI/GVA GRIMLEY SURVEY OF PROPERTY TRENDS
690 ## - LOCAL SUBJECT ADDED ENTRY--TOPICAL TERM (OCLC, RLIN)
Topical term or geographic name as entry element COMMERCIAL PROPERTY-INVESTMENT
942 ## - ADDED ENTRY ELEMENTS (KOHA)
Suppress in OPAC 0
Holdings
Withdrawn status Lost status Source of classification or shelving scheme Damaged status Not for loan Home library Current library Shelving location Date acquired Total Checkouts Full call number Barcode Date last seen Copy number Price effective from Koha item type
    Dewey Decimal Classification     London London News article 05/01/2004   WB4001-04 124707-1001 06/08/2019 1 06/08/2019 News article